| 000 | 01933 a2200205 4500 | ||
|---|---|---|---|
| 020 | _a0071165398 (hardcover) | ||
| 020 | _a9780071165396 (hardcover) | ||
| 090 |
_c4895 _d4895 |
||
| 100 | 1 | _aJuran, J.M. | |
| 245 | 1 | 0 |
_aJuran's quality handbook / _cJ.M. Juran, A.Blanton Godfrey. |
| 250 | _a5th ed. | ||
| 260 |
_a[S.l.] : _bMcGraw-Hill Professional, _c2000. |
||
| 300 |
_a1872 p. ; _c25 cm. |
||
| 490 | 1 | _aMcgraw-hill international editions: industrial engineering series. | |
| 520 | _aFor decades, "Juran's Quality Handbook" has been the one essential reference in quality management and engineering - the ultimate authoritative source of answers on quality applications, procedures, techniques, and strategies. Now this Fifth Edition - a major revision and the first new edition of "Juran's Quality Handbook" in more than 10 years - forges a new standard in tools for quality. Bringing managers and engineers the most up-to-date methods, research, and theory, under the guidance of a team of the world's top experts, Juran's shows you how to plan for quality, achieve quality control, and ensure quality results.Packed with new methods, research, and thought on quality, and emphasizing the need for quality software and quality software development methods, this completely updated classic also gives you new information, new techniques, and new applications. Broad in scope and inclusive in methodology, "Juran's Quality Handbook" is the reference of choice for anyone concerned with quality in business, manufacturing, or engineering. Whether you're just beginning your journey or a longtime traveler on the quality path, this book is the best possible companion for your voyage. | ||
| 700 | 1 | _aGodfrey, A.Blanton. | |
| 830 | 0 | _aMcgraw-hill international editions: industrial engineering series. | |
| 856 | 4 | 0 |
_3Amazon.com _uhttp://www.amazon.com/exec/obidos/ASIN/0071165398/chopaconline-20 |
| 942 |
_aNBS _cBK _k658.562 JUR |
||
| 999 |
_c347325 _d347325 |
||